Anne Frank (Record no. 12083)

MARC details
000 -LÍDER
campo de controle de tamanho fixo 01419 a2200301 4500
001 - NÚMERO DE CONTROLE
campo de controle 12083
003 - IDENTIFICADOR DO NÚMERO DE CONTROLE
campo de controle OSt
005 - DATA E HORÁRIO DA ÚLTIMA TRANSAÇÃO
campo de controle 20240415152034.0
008 - CAMPO DE DADOS FIXOS--INFORMAÇÃO GERAL
campo de controle de tamanho fixo 240415b |||||||| |||| 00| 0 POR d
020 ## - ISBN - INTERNATIONAL STANDARD BOOK NUMBER
ISBN - International Standard Book Number 9788598457512
040 ## - FONTE DA CATALOGAÇÃO
Instituição da catalogação original BR-BrIDEA
Instituição que transcreveu o registro BR-BrIDEA
041 ## - CÓDIGO DE IDIOMA
Código do idioma do texto/trilha sonora ou título diferente por
082 ## - CDD - CLASSIFICAÇÃO DECIMAL DE DEWEY
Número de Classificação 028.5
090 ## - NÚMERO DE CHAMADA LOCAL
Número de chamada (OCLC) (R); Número de chamada, CALL (RLIN) (NR) P Year 5 028
Número Cutter local (OCLC); Número de classificação do livro, CALL (RLIN) POO
100 ## - ENTRADA PRINCIPAL--NOME PESSOAL
Nome pessoal Poole, Josephine.
Função do autor por extenso Autor
245 10 - TÍTULO
Título Anne Frank
Indicação de responsabilidade, etc. Josephine Poole ; ilustrações de Angela Barrett ; tradução de Marcelo Pen
250 ## - EDIÇÃO
Edição 1. ed.
260 ## - PUBLICAÇÃO, DISTRIBUIÇÃO, ETC.
Local de publicação, distribuição, etc. São Paulo
Nome do editor, distribuidor, etc. SM
Data da publicação, distribuição, etc. 2005
300 ## - DESCRIÇÃO FÍSICA
Extensão 40 p.
Outros detalhes físicos il. color
Dimensões 23.88 x 26.16 x 0.25 cm
520 ## - NOTA DE RESUMO, ETC
Resumo, etc. Anne Frank era uma menina judia que vivia na Alemanha. Durante a Segunda Guerra Mundial, sua família mudou-se para a Holanda e, a certa altura, teve de separar-se. A vida de Anne entrou para a história com a publicação de seu diário, que dá testemunho da luta pela sobrevivência dos judeus contra a opressão e a intolerância instaladas na Europa. Baseado nesse diário, o livro relata os sentimentos mais íntimos de Anne sobre sua infância, mostrando uma menina com personalidade marcante e sua reação ao clima de terror que Hitler impôs ao mundo.
521 ## - NOTA DO PÚBLICO ALVO
Nota de público alvo Year 5
546 ## - NOTA DE IDIOMA
Nota de idioma por
697 ## - ENTRADA DE ASSUNTO LOCAL--ENTIDADE COLETIVA (RLIN)
Nome corporativo ou nome da jurisdição Literatura infantojuvenil.
697 ## - ENTRADA DE ASSUNTO LOCAL--ENTIDADE COLETIVA (RLIN)
Nome corporativo ou nome da jurisdição Crianças Judias no Holocausto.
700 ## - ENTRADA ADICIONADA - NOME PESSOAL
Nome pessoal Barrett, Angela
Função do autor por extenso ilustrador
Nome pessoal Pen, Marcelo
Função do autor por extenso tradutor
856 ## - LOCALIZAÇÃO ELETRÔNICA E ACESSO
Uniform Resource Identifier <a href="000011/000011ff.jpg">000011/000011ff.jpg</a>
942 ## - ELEMENTOS DE ENTRADA ADICIONADOS (KOHA)
Tipo de material Koha Livros
Fonte da classificação ou esquema de arquivamento na estante
Holdings
Situação do descarte Situação das perdas Situação física Não pode ser emprestado Biblioteca de origem Biblioteca atual Data de aquisição Total de empréstimos Número de chamada completo Código de barras Data de último acesso Data do último empréstimo Data do preço efetivo Tipo de material Koha Fonte da classificação ou esquema de arquivamento na estante Fonte de aquisição
        Canadian School of Niterói - Itacoatiara Canadian School of Niterói - Itacoatiara 09/02/2024   POO - A7 A12185 09/02/2024   09/02/2024 Livros    
        Canadian School of Niterói - Piratininga Canadian School of Niterói - Piratininga 09/02/2024   POO - A7 A1101L 09/02/2024   09/02/2024 Livros    
        Colégio São Paulo Colégio São Paulo 21/11/2023   028.5 ANN 2997/ITA 21/11/2023   21/11/2023 Livros    
        ECB - SUDOESTE ECB - SUDOESTE 01/02/2017   P Year 5 028 00027242SSW 23/01/2024   23/01/2024 Livros Classificação Decimal de Dewey  
        ECB - SUDOESTE ECB - SUDOESTE 01/02/2017 6 P Year 5 028 00027243SSW 17/06/2024 13/05/2024 23/01/2024 Livros Classificação Decimal de Dewey  
        ECB - SUDOESTE ECB - SUDOESTE 21/12/2022   P Year 5 028 POO 00059555SSW 23/01/2024   23/01/2024 Livros Classificação Decimal de Dewey  
        ECB - ÁGUAS CLARAS ECB - ÁGUAS CLARAS 09/03/2016   AP Year 5 028 POO 00019957AGC 23/01/2024   23/01/2024 Livros Classificação Decimal de Dewey  
        ECB - ÁGUAS CLARAS ECB - ÁGUAS CLARAS 21/10/2021   AP Year 5 028 POO 00055366AGC 23/01/2024   23/01/2024 Livros Classificação Decimal de Dewey  
        ECB - ÁGUAS CLARAS ECB - ÁGUAS CLARAS 23/02/2022   AP Year 5 028 POO 00056620AGC 23/01/2024   23/01/2024 Livros Classificação Decimal de Dewey  
        ECB - ÁGUAS CLARAS ECB - ÁGUAS CLARAS 15/04/2024   A Year 5 028 POO 7910509515321 15/04/2024   15/04/2024 Livros Classificação Decimal de Dewey Doação
        ESTA - SÃO BENTO ESTA - SÃO BENTO 30/04/2024 1 028.53 POO ANN EST00012012 18/06/2024 03/06/2024 30/04/2024 Livros    
        ESTA - SÃO BENTO ESTA - SÃO BENTO 30/04/2024 1 028.53 POO ANN EST00012181 18/06/2024 03/06/2024 30/04/2024 Livros    
        Colégio Anchieta - Aquarius Inspira 21/11/2023 7 928 POO ANN 3085/AQU 21/11/2023 21/11/2023 21/11/2023 Livros